00940cam a2200253 a 450000100100000000500170001000800410002702000150006804000250008308200170010810000410012524000240016624501000019026000530029030000200034349000210036350000220038465000310040665000350043770000490047283000300052195201200055199900150067100000436220200929151430.0880919s1995 sp 000 f spa d a8420646598 aDO-SdBNPbspacBNPHU a813.5bH224u1 aHammett, Dashiell,d1894-196191285110aA woman in the dark10aUna mujer en la oscuridad /cDashiell Hammett ; traducción de Francisco Pérez de la Cadena. aMadrid :bAlianza EditorialbGrupo Anaya,c1995. a95 p. ;c15 cm.1 aAlianza cienv59 aLibro de bolsillo 4aNovela estadounidense9262 4aLiteratura estadounidense92631 aPérez de la Cadena, Francisco,etr.912852 0aAlianza cien ;n59912853 001054708MOaGRbGRcCTd2009-07-21iLF1l0o813.5 H224up4362-10r2020-06-25w2020-06-25y4ZPréstamo en sala c4171d4171